000 00233nam a22000857a 4500
008 170603b xxu||||| |||| 00| 0 eng d
100 _93260
_aLewis. C. S
245 _aA Preface to Paradise lost
260 _aNew Delhi
_bCapital Creation
_c1983
999 _c6574
_d6574